No proper name given to Christ's assembly / (Record no. 4614)

MARC details
000 -LEADER
fixed length control field 00665cam a2200241Ia 4500
001 - CONTROL NUMBER
control field 18362
003 - CONTROL NUMBER IDENTIFIER
control field GBCCL
005 - DATE AND TIME OF LATEST TRANSACTION
control field 20241126110522.0
008 - FIXED-LENGTH DATA ELEMENTS--GENERAL INFORMATION
fixed length control field 900413q19801990txu 000 0 eng d
035 ## - SYSTEM CONTROL NUMBER
System control number (OCoLC)21368533
040 ## - CATALOGING SOURCE
Original cataloging agency CDC
Transcribing agency CDC
Modifying agency MSV
-- LBB
049 ## -
-- LBBK
082 ## - DEWEY DECIMAL CLASSIFICATION NUMBER
Classification number 262
Item number BES
090 ## - LOCALLY ASSIGNED LC-TYPE CALL NUMBER (OCLC); LOCAL CALL NUMBER (RLIN)
Classification number (OCLC) (R) ; Classification number, CALL (RLIN) (NR) BV600.2
Local cutter number (OCLC) ; Book number/undivided call number, CALL (RLIN) .B47
092 ## - LOCALLY ASSIGNED DEWEY CALL NUMBER (OCLC)
Classification number 262
Item number B561N
092 0# - LOCALLY ASSIGNED DEWEY CALL NUMBER (OCLC)
Classification number 262
Item number B561n, 1980z
Edition number 20
100 1# - MAIN ENTRY--PERSONAL NAME
Personal name Best, W. E.
9 (RLIN) 453
245 10 - TITLE STATEMENT
Title No proper name given to Christ's assembly /
Statement of responsibility, etc. by W.E. Best.
260 ## - PUBLICATION, DISTRIBUTION, ETC.
Place of publication, distribution, etc. Houston, Tex. :
Name of publisher, distributor, etc. South Belt Assembly of Christ,
Date of publication, distribution, etc. [198-?]
300 ## - PHYSICAL DESCRIPTION
Extent 15 p. ;
Dimensions 22 cm.
650 #0 - SUBJECT ADDED ENTRY--TOPICAL TERM
Topical term or geographic name entry element Church
General subdivision Biblical teaching.
9 (RLIN) 6223
942 ## - ADDED ENTRY ELEMENTS (KOHA)
Source of classification or shelving scheme Dewey Decimal Classification
Koha item type Books
Holdings
Withdrawn status Lost status Source of classification or shelving scheme Damaged status Not for loan Home library Current Library Shelving location Date acquired Total checkouts Full call number Barcode Date last seen Copy number Price effective from Koha item type
    Dewey Decimal Classification     GRACE BIBLE COLLEGE GRACE BIBLE COLLEGE Ministry & Mission 2018-01-29   262 BES 002291 2025-05-01 c.1 2018-01-29 Books
    Dewey Decimal Classification     GRACE BIBLE COLLEGE GRACE BIBLE COLLEGE Ministry & Mission 2018-01-29   262 BES 002292 2025-05-01 c.2 2018-01-29 Books
    Dewey Decimal Classification     GRACE BIBLE COLLEGE GRACE BIBLE COLLEGE Ministry & Mission 2018-01-29   262 BES 002293 2025-05-01 c.3 2018-01-29 Books
© Grace Bible College Library 2025